Logo BPK

Biblioteka

Politechniki Koszalińskiej

The Natural Healing and Nutrition Annual 1991 / (Rekord nr 47583)

Szczegóły MARC
000 -ETYKIETA REKORDU
podpole kontrolne o stałej długości 00672nam a2200229 i 4500
001 - NUMER KONTROLNY REKORDU
pole kontrolne bgj
020 ## - MIĘDZYNARODOWY ZNORMALIZOWANY NUMER KSIĄŻKI - ISBN
ISBN 0878579133
040 ## - ŹRÓDŁO KATALOGOWANIA
Instytucja, która utworzyła rekord BPK
041 0# - KOD JĘZYKA
Kod języka tekstu eng
920 ## - Międzynarodowy znormalizowany numer książki – ISBN
ISBN 0-87857-913-3
008 - POLE O STAŁEJ DŁUGOŚCI - DANE KONTROLNE
podpole kontrolne o stałej długości s uk f |000 0 eng
245 00 - TYTUŁ/ODPOWIEDZIALNOŚĆ
Tytuł The Natural Healing and Nutrition Annual 1991 /
Pozostałe elementy strefy tytułu i oznaczenia odpowiedzialności edited by Mark Bricklin ; written by the Staff of Rodale Press.
260 ## - STREFA ADRESU WYDAWNICZEGO
Miejsce wydania Emmaus, Pa :
Nazwa wydawcy/dystrybutora Rodale Press,
Data publikacji, dystrybucji/powstania dokumentu c. 1991.
300 ## - STREFA OPISU FIZYCZNEGO
Objętość XIII, 305 pp ;
Rozmiary 23 cm.
505 ## - SFORMALIZOWANA UWAGA DOTYCZĄCA ZAWARTOŚCI
Pełny tekst uwagi Includes index.
650 #9 - HASŁO PRZEDMIOTOWE W FORMIE NAZWY OGÓLNEJ LUB JEDNOSTKOWEJ
Nazwa ogólna lub geograficzna Health
650 #9 - HASŁO PRZEDMIOTOWE W FORMIE NAZWY OGÓLNEJ LUB JEDNOSTKOWEJ
Nazwa ogólna lub geograficzna Nature, Healing power of
655 ## - TERMIN INDEKSOWY - OKREŚLENIE RODZAJU/FORMY DOKUMENTU
Określenie rodzaju/formy dokumentu Periodicals
700 1# - HASŁO DODATKOWE - NAZWA OSOBOWA
Nazwa osobowa BRICKLIN, Mark.
Określenie związku między hasłem a opisywanym materiałem ed.
710 p0 - HASŁO DODATKOWE - NAZWA CIAŁA ZBIOROWEGO
Nazwa ciała zbiorowego lub jednostki geograficznej PREVENTION MAGAZINE HEALTH BOOKS
856 ## - LOKALIZACJA I DOSTĘP DO ELEKTRONICZNYCH DOKUMENTÓW ZDALNYCH
Link (URL) http://koha.tu.koszalin.pl/cgi-bin/koha/opac-detail.pl?biblionumber=47583
Tekst linku Katalog online BPK
942 ## - DODATKOWE ELEMENTY (KOHA)
Typ dokumentu Książka
Egzemplarze
Wycofany Status egzemplarza Uszkodzony Dostępność Lokalizacja stała Lokalizacja bieżąca Miejsce przechowywania Sygnatura Kod kreskowy Typ dokumentu
      Dostępny Biblioteka Politechniki Koszalińskiej Biblioteka Politechniki Koszalińskiej Wypożyczalnia Językowa KA 3957 09039384 Książka
© 2023 Biblioteka Politechniki Koszalińskiej :: KOHA